01525 a2200265 4500003000500000005001700005010001700022020002200039040000900061082001800070100002900088245005800117250001200175260004300187300003300230505057900263650003700842650001600879650003400895856009100929856008101020942001201101999001901113952012701132Nust20221117151732.0 a 2005283382 a0750666242 (pbk.) cNust00a621.31924,LIN1 aLinsley, Trevor.910293410aBasic electrical installation work /cTrevor Linsley. a6th ed. aAmsterdam ;aBoston :bNewnes,cc2005. avi, 286 p. :bill. ;c25 cm. aUnderstanding Health And Safety Legislation, Practices And Procedures (Page-1), Understanding Environmental Legislation And Environmental Technology Systems(Page-55), Organizing The Work Environment (Page-85), Electrical Supply Systems, Earthling Arrangements And Protective Devices (Page-121), Preparation And Installation Of Wiring Systems (Page-175), Termination And Connection Of Conductors And Cables (Page-247), Inspection, Testing And Commissioning Electrical Installations (Page-275), Fault Diagnosis And Repair (Page-305), Electrical Scientific C Theory (Page-345). 0aElectric wiring, Interior941218 0aElectronics 0aTelecommunication Engineering413Publisher descriptionuhttp://www.loc.gov/catdir/enhancements/fy0627/2005283382-d.html413Table of contents onlyuhttp://www.loc.gov/catdir/toc/fy0604/2005283382.html 2ddccBK c189409d189409 00102ddc4070aMCSbMCScGENd2016-12-12o621.31924,LINpMCS35171r2016-12-08w2016-12-12yBKzAlmirah No.30, Shelf No.2